[Event "Russian Rapid Championship (m)"]
[Site "Sochi"]
[Date "2022.10.16"]
[Round "8.15"]
[White "Khegay, Dmitriy"]
[Black "Barsamian, Eduard"]
[Result "1-0"]
[BlackElo "2132"]
[WhiteElo "2486"]
[LiveChessVersion "1.4.8"]

1. d4 {[%clk 0:14:39]} Nf6 {[%clk 0:15:12]} 2. Bf4 {[%clk 0:14:46]} c5
{[%clk 0:14:54]} 3. e3 {[%clk 0:14:55]} d5 {[%clk 0:14:58]} 4. dxc5
{[%clk 0:15:03]} Qa5+ {[%clk 0:13:50]} 5. Nd2 {[%clk 0:15:11]} Qxc5
{[%clk 0:13:58]} 6. a3 {[%clk 0:15:17]} Nc6 {[%clk 0:11:44]} 7. Ngf3
{[%clk 0:15:26]} Bf5 {[%clk 0:11:40]} 8. c4 {[%clk 0:15:32]} dxc4
{[%clk 0:09:24]} 9. Bxc4 {[%clk 0:15:37]} Qb6 {[%clk 0:07:10]} 10. O-O
{[%clk 0:15:25]} Rd8 {[%clk 0:07:19]} 11. b4 {[%clk 0:14:50]} e6 {[%clk 0:06:53]}
12. Qb3 {[%clk 0:13:42]} Be7 {[%clk 0:06:06]} 13. Be2 {[%clk 0:13:35]} Rd5
{[%clk 0:04:22]} 14. Nc4 {[%clk 0:12:54]} Qd8 {[%clk 0:04:31]} 15. Nfe5
{[%clk 0:12:47]} Nxe5 {[%clk 0:03:54]} 16. Nxe5 {[%clk 0:12:54]} O-O
{[%clk 0:04:01]} 17. Bc4 {[%clk 0:12:48]} Rd2 {[%clk 0:03:20]} 18. Nf3
{[%clk 0:12:08]} Ne4 {[%clk 0:03:00]} 19. Rfd1 {[%clk 0:10:07]} Rxd1+
{[%clk 0:02:51]} 20. Rxd1 {[%clk 0:10:16]} Qc8 {[%clk 0:02:43]} 21. Nd4
{[%clk 0:10:09]} Bg6 {[%clk 0:02:37]} 22. f3 {[%clk 0:06:30]} Nf6
{[%clk 0:02:31]} 23. e4 {[%clk 0:04:54]} Nh5 {[%clk 0:01:49]} 24. Be3
{[%clk 0:04:55]} Qb8 {[%clk 0:01:52]} 25. Ne2 {[%clk 0:03:52]} Bd6
{[%clk 0:01:11]} 26. g3 {[%clk 0:04:00]} Nf6 {[%clk 0:00:54]} 27. Bxe6
{[%clk 0:02:59]} Bxg3 {[%clk 0:00:40]} 28. hxg3 {[%clk 0:03:07]} fxe6
{[%clk 0:00:49]} 29. Qxe6+ {[%clk 0:03:16]} Bf7 {[%clk 0:00:55]} 30. Qd6
{[%clk 0:03:23]} Qc8 {[%clk 0:00:35]} 31. Bxa7 {[%clk 0:02:26]} Bh5
{[%clk 0:00:36]} 32. Bc5 {[%clk 0:01:47]} Re8 {[%clk 0:00:34]} 33. Qf4
{[%clk 0:01:07]} Nxe4 {[%clk 0:00:18]} 34. g4 {[%clk 0:00:59]} Nxc5
{[%clk 0:00:23]} 35. gxh5 {[%clk 0:00:42]} Rxe2 {[%clk 0:00:24]} 36. Qc4+
{[%clk 0:00:50]} Qe6 {[%clk 0:00:31]} 37. Qxc5 {[%clk 0:00:28]} Re1+
{[%clk 0:00:21]} 38. Rxe1 {[%clk 0:00:34]} Qxe1+ {[%clk 0:00:30]} 39. Kg2
{[%clk 0:00:43]} Qd2+ {[%clk 0:00:36]} 40. Kg3 {[%clk 0:00:43]} Qe1+
{[%clk 0:00:38]} 41. Kg4 {[%clk 0:00:48]} Qe6+ {[%clk 0:00:44]} 42. Qf5
{[%clk 0:00:48]} Qc4+ {[%clk 0:00:51]} 43. Kg3 {[%clk 0:00:48]} b5
{[%clk 0:00:53]} 44. Qe5 {[%clk 0:00:33]} Qc6 {[%clk 0:00:42]} 45. Qc5
{[%clk 0:00:32]} Qd7 {[%clk 0:00:49]} 46. Qe5 {[%clk 0:00:24]} Kf7
{[%clk 0:00:27]} 47. Qf4+ {[%clk 0:00:28]} Kg8 {[%clk 0:00:36]} 48. Qg4
{[%clk 0:00:28]} Qd6+ {[%clk 0:00:38]} 49. Kh3 {[%clk 0:00:33]} Qc6
{[%clk 0:00:33]} 50. Qf5 {[%clk 0:00:30]} Qc4 {[%clk 0:00:33]} 51. Qe5
{[%clk 0:00:17]} Kf7 {[%clk 0:00:20]} 52. Kg3 {[%clk 0:00:22]} Qf1
{[%clk 0:00:14]} 53. Qf5+ {[%clk 0:00:19]} Kg8 {[%clk 0:00:22]} 54. Qe6+
{[%clk 0:00:26]} Kf8 {[%clk 0:00:22]} 55. Qe3 {[%clk 0:00:35]} Kf7
{[%clk 0:00:23]} 56. Qa7+ {[%clk 0:00:34]} Kf8 {[%clk 0:00:29]} 57. Qe3
{[%clk 0:00:26]} Kf7 {[%clk 0:00:36]} 58. Qc5 {[%clk 0:00:18]} Qd3
{[%clk 0:00:21]} 59. Qc7+ {[%clk 0:00:22]} Kg8 {[%clk 0:00:25]} 60. Qe5
{[%clk 0:00:30]} Kf7 {[%clk 0:00:22]} 61. Kg4 {[%clk 0:00:39]} Qf1
{[%clk 0:00:15]} 62. Qd5+ {[%clk 0:00:43]} Kf8 {[%clk 0:00:22]} 63. Kf4
{[%clk 0:00:42]} Qc1+ {[%clk 0:00:29]} 64. Kf5 {[%clk 0:00:39]} Qxa3
{[%clk 0:00:18]} 65. Qc5+ {[%clk 0:00:30]} Kf7 {[%clk 0:00:27]} 66. Qd5+
{[%clk 0:00:19]} Kf8 {[%clk 0:00:36]} 67. h6 {[%clk 0:00:20]} gxh6
{[%clk 0:00:20]} 68. Qc5+ {[%clk 0:00:16]} Kf7 {[%clk 0:00:29]} 69. Qc7+
{[%clk 0:00:25]} Kf8 {[%clk 0:00:35]} 70. Qd8+ {[%clk 0:00:31]} Kf7
{[%clk 0:00:43]} 71. Qf6+ {[%clk 0:00:40]} Kg8 {[%clk 0:00:41]} 72. Qe6+
{[%clk 0:00:48]} Kf8 {[%clk 0:00:50]} 73. Qxh6+ {[%clk 0:00:57]} Ke8
{[%clk 0:00:59]} 74. Qc6+ {[%clk 0:00:57]} Ke7 {[%clk 0:00:42]} 75. Qf6+
{[%clk 0:00:59]} Ke8 {[%clk 0:00:48]} 76. Qh8+ {[%clk 0:01:08]} Kd7
{[%clk 0:00:57]} 77. Qxh7+ {[%clk 0:01:17]} Kd6 {[%clk 0:01:04]} 78. Qh6+
{[%clk 0:01:00]} Ke7 {[%clk 0:00:23]} 79. Qe6+ {[%clk 0:01:04]} Kf8
{[%clk 0:00:20]} 80. Qd6+ {[%clk 0:01:13]} Kf7 {[%clk 0:00:17]} 81. Kg4
{[%clk 0:01:19]} Qa4 {[%clk 0:00:11]} 82. Kg5 {[%clk 0:01:16]} Qb3
{[%clk 0:00:14]} 83. Qd7+ {[%clk 0:01:14]} Kf8 {[%clk 0:00:19]} 84. Qf5+
{[%clk 0:00:51]} Ke7 {[%clk 0:00:25]} 85. Qc5+ {[%clk 0:00:52]} Ke6
{[%clk 0:00:25]} 86. Qc6+ {[%clk 0:00:45]} Ke7 {[%clk 0:00:33]} 87. Qe4+
{[%clk 0:00:53]} Kd6 {[%clk 0:00:36]} 88. Qd4+ {[%clk 0:01:00]} Ke7
{[%clk 0:00:44]} 89. Qe5+ {[%clk 0:00:48]} Kd8 {[%clk 0:00:32]} 90. Qd6+
{[%clk 0:00:49]} Ke8 {[%clk 0:00:39]} 91. f4 {[%clk 0:00:58]} Qg3+
{[%clk 0:00:17]} 92. Kf5 {[%clk 0:01:05]} Qh3+ {[%clk 0:00:24]} 93. Ke4
{[%clk 0:01:04]} Qf1 {[%clk 0:00:19]} 94. Qd4 {[%clk 0:00:40]} Kf7
{[%clk 0:00:15]} 95. Kd5 {[%clk 0:00:41]} Kg6 {[%clk 0:00:13]} 96. Kc5
{[%clk 0:00:47]} Kf5 {[%clk 0:00:20]} 97. Qd7+ {[%clk 0:00:36]} Ke4
{[%clk 0:00:17]} 98. Qe6+ {[%clk 0:00:41]} Kf3 {[%clk 0:00:24]} 99. f5
{[%clk 0:00:46]} Kg4 {[%clk 0:00:12]} 100. f6+ {[%clk 0:00:49]} Kg5
{[%clk 0:00:21]} 101. f7 {[%clk 0:00:55]} Qf2+ {[%clk 0:00:13]} 102. Kxb5
{[%clk 0:00:58]} Qf1+ {[%clk 0:00:21]} 103. Qc4 {[%clk 0:01:01]} Qf6
{[%clk 0:00:19]} 104. Qc5+ {[%clk 0:01:07]} Kg6 {[%clk 0:00:11]} 105. f8=R
{[%clk 0:00:54]} Qa6+ {[%clk 0:00:19]} 106. Kxa6 {[%clk 0:01:02]} 1-0

[Event "Russian Rapid Championship (m)"]
[Site "Sochi"]
[Date "2022.10.16"]
[Round "8.16"]
[White "Vetokhin, Savva"]
[Black "Dzhumagaliev, Yan"]
[Result "1/2-1/2"]
[BlackElo "2479"]
[WhiteElo "2250"]
[LiveChessVersion "1.4.8"]

1. e4 {[%clk 0:15:19]} c5 {[%clk 0:15:19]} 2. Nf3 {[%clk 0:15:27]} Nc6
{[%clk 0:15:28]} 3. d4 {[%clk 0:15:33]} cxd4 {[%clk 0:15:35]} 4. Nxd4
{[%clk 0:15:42]} e6 {[%clk 0:15:43]} 5. Nc3 {[%clk 0:15:43]} a6 {[%clk 0:15:50]}
6. Be3 {[%clk 0:15:51]} Nf6 {[%clk 0:15:57]} 7. f4 {[%clk 0:15:37]} Bb4
{[%clk 0:15:29]} 8. Bd3 {[%clk 0:15:19]} h5 {[%clk 0:14:45]} 9. Qd2
{[%clk 0:15:05]} Qc7 {[%clk 0:12:14]} 10. a3 {[%clk 0:13:39]} Be7
{[%clk 0:12:07]} 11. O-O-O {[%clk 0:12:18]} d6 {[%clk 0:11:58]} 12. Rhe1
{[%clk 0:12:06]} Nxd4 {[%clk 0:09:55]} 13. Bxd4 {[%clk 0:12:14]} e5
{[%clk 0:10:04]} 14. Be3 {[%clk 0:12:10]} Bg4 {[%clk 0:09:55]} 15. Be2
{[%clk 0:12:11]} Rc8 {[%clk 0:09:50]} 16. h3 {[%clk 0:12:10]} Bxe2
{[%clk 0:09:02]} 17. Qxe2 {[%clk 0:12:17]} Qc4 {[%clk 0:08:52]} 18. Qxc4
{[%clk 0:11:04]} Rxc4 {[%clk 0:09:01]} 19. fxe5 {[%clk 0:09:37]} dxe5
{[%clk 0:09:09]} 20. Bg5 {[%clk 0:09:46]} Bxa3 {[%clk 0:07:57]} 21. Bxf6
{[%clk 0:09:45]} gxf6 {[%clk 0:08:03]} 22. Nd5 {[%clk 0:09:51]} Be7
{[%clk 0:08:10]} 23. Rd3 {[%clk 0:09:14]} Rg8 {[%clk 0:07:54]} 24. Rf3
{[%clk 0:08:53]} h4 {[%clk 0:06:49]} 25. Re2 {[%clk 0:08:48]} Rg6
{[%clk 0:06:48]} 26. Rf5 {[%clk 0:08:38]} Rh6 {[%clk 0:06:53]} 27. c3
{[%clk 0:07:18]} b5 {[%clk 0:06:13]} 28. Kc2 {[%clk 0:07:25]} 1/2-1/2

[Event "Russian Rapid Championship (m)"]
[Site "Sochi"]
[Date "2022.10.16"]
[Round "8.17"]
[White "Gontcharov, Vladislav"]
[Black "Bocharov, Dmitry"]
[Result "1-0"]
[BlackElo "2562"]
[WhiteElo "2366"]
[LiveChessVersion "1.4.8"]

1. d4 {[%clk 0:15:16]} Nf6 {[%clk 0:14:26]} 2. c4 {[%clk 0:15:25]} e6
{[%clk 0:14:34]} 3. Nc3 {[%clk 0:15:13]} Bb4 {[%clk 0:14:42]} 4. e3
{[%clk 0:15:21]} O-O {[%clk 0:14:48]} 5. Bd3 {[%clk 0:15:30]} Re8
{[%clk 0:14:56]} 6. Nf3 {[%clk 0:15:25]} d6 {[%clk 0:15:00]} 7. O-O
{[%clk 0:14:51]} Bxc3 {[%clk 0:15:06]} 8. bxc3 {[%clk 0:14:59]} e5
{[%clk 0:15:15]} 9. dxe5 {[%clk 0:14:44]} dxe5 {[%clk 0:15:23]} 10. Nxe5
{[%clk 0:14:47]} Qe7 {[%clk 0:15:29]} 11. Nf3 {[%clk 0:14:26]} Bg4
{[%clk 0:15:37]} 12. Be2 {[%clk 0:12:45]} Nbd7 {[%clk 0:14:42]} 13. a4
{[%clk 0:10:21]} Rad8 {[%clk 0:14:17]} 14. Ba3 {[%clk 0:10:29]} c5
{[%clk 0:13:56]} 15. Qc2 {[%clk 0:05:46]} Ne5 {[%clk 0:11:07]} 16. Nxe5
{[%clk 0:04:50]} Qxe5 {[%clk 0:10:37]} 17. Rfd1 {[%clk 0:04:51]} b6
{[%clk 0:09:28]} 18. a5 {[%clk 0:04:45]} h5 {[%clk 0:09:23]} 19. axb6
{[%clk 0:04:00]} axb6 {[%clk 0:09:27]} 20. h3 {[%clk 0:03:54]} Bxe2
{[%clk 0:08:24]} 21. Qxe2 {[%clk 0:04:02]} Ne4 {[%clk 0:08:16]} 22. Bb2
{[%clk 0:04:04]} Qf5 {[%clk 0:06:31]} 23. Rd5 {[%clk 0:03:01]} Rxd5
{[%clk 0:06:32]} 24. cxd5 {[%clk 0:03:10]} Qxd5 {[%clk 0:06:40]} 25. Rd1
{[%clk 0:03:18]} Qa2 {[%clk 0:05:48]} 26. Qb5 {[%clk 0:02:45]} Qe6
{[%clk 0:05:55]} 27. Qe2 {[%clk 0:02:09]} Qa2 {[%clk 0:02:27]} 28. Qb5
{[%clk 0:02:18]} Re6 {[%clk 0:02:35]} 29. c4 {[%clk 0:01:50]} Qa5
{[%clk 0:02:22]} 30. Qd7 {[%clk 0:01:07]} Qb4 {[%clk 0:02:13]} 31. Qd8+
{[%clk 0:01:15]} Kh7 {[%clk 0:02:20]} 32. Qh4 {[%clk 0:01:20]} Kg6
{[%clk 0:01:34]} 33. Rd5 {[%clk 0:00:53]} f5 {[%clk 0:00:24]} 34. g4
{[%clk 0:00:40]} hxg4 {[%clk 0:00:27]} 35. hxg4 {[%clk 0:00:45]} 1-0

[Event "Russian Rapid Championship (m)"]
[Site "Sochi"]
[Date "2022.10.16"]
[Round "8.18"]
[White "Grigorjev, Iljya"]
[Black "Turov, Maxim"]
[Result "0-1"]
[BlackElo "2528"]
[WhiteElo "2304"]
[LiveChessVersion "1.4.8"]

1. e4 {[%clk 0:15:16]} c6 {[%clk 0:15:19]} 2. d4 {[%clk 0:15:25]} d5
{[%clk 0:15:28]} 3. e5 {[%clk 0:15:33]} Bf5 {[%clk 0:15:38]} 4. Nf3
{[%clk 0:15:41]} e6 {[%clk 0:15:44]} 5. Be2 {[%clk 0:15:49]} Ne7 {[%clk 0:15:52]}
6. O-O {[%clk 0:15:56]} Bg6 {[%clk 0:15:59]} 7. Nh4 {[%clk 0:15:14]} Nf5
{[%clk 0:15:54]} 8. Nxg6 {[%clk 0:15:13]} hxg6 {[%clk 0:16:01]} 9. h3
{[%clk 0:15:08]} c5 {[%clk 0:16:01]} 10. dxc5 {[%clk 0:12:09]} Bxc5
{[%clk 0:16:01]} 11. c4 {[%clk 0:12:07]} Ng3 {[%clk 0:15:24]} 12. Re1
{[%clk 0:07:27]} Qb6 {[%clk 0:15:16]} 0-1

[Event "Russian Rapid Championship (m)"]
[Site "Sochi"]
[Date "2022.10.16"]
[Round "8.19"]
[White "Faizrakhmanov, Ramil"]
[Black "Kabanov, Nikolai"]
[Result "1-0"]
[BlackElo "2367"]
[WhiteElo "2475"]
[LiveChessVersion "1.4.8"]

1. d4 {[%clk 0:15:19]} Nf6 {[%clk 0:15:18]} 2. c4 {[%clk 0:15:28]} e6
{[%clk 0:15:26]} 3. Nf3 {[%clk 0:15:36]} d5 {[%clk 0:15:34]} 4. Nc3
{[%clk 0:15:44]} c5 {[%clk 0:15:41]} 5. cxd5 {[%clk 0:15:51]} cxd4
{[%clk 0:15:49]} 6. Qxd4 {[%clk 0:15:59]} exd5 {[%clk 0:15:54]} 7. Bg5
{[%clk 0:16:06]} Be7 {[%clk 0:15:57]} 8. e3 {[%clk 0:16:14]} O-O {[%clk 0:16:01]}
9. Be2 {[%clk 0:16:22]} h6 {[%clk 0:16:01]} 10. Bh4 {[%clk 0:16:30]} Nc6
{[%clk 0:16:08]} 11. Qd3 {[%clk 0:16:37]} Be6 {[%clk 0:15:43]} 12. O-O
{[%clk 0:16:43]} Qb6 {[%clk 0:15:49]} 13. a3 {[%clk 0:16:38]} Rfd8
{[%clk 0:15:45]} 14. b4 {[%clk 0:16:08]} a6 {[%clk 0:15:20]} 15. Rfd1
{[%clk 0:16:02]} Rd7 {[%clk 0:13:58]} 16. Na4 {[%clk 0:14:59]} Qd8
{[%clk 0:12:50]} 17. Nc5 {[%clk 0:13:13]} Bxc5 {[%clk 0:12:50]} 18. bxc5
{[%clk 0:13:21]} g5 {[%clk 0:12:56]} 19. Bg3 {[%clk 0:13:18]} Ne4
{[%clk 0:13:04]} 20. Rac1 {[%clk 0:13:03]} Qa5 {[%clk 0:12:28]} 21. Nd4
{[%clk 0:11:56]} Nxc5 {[%clk 0:11:46]} 22. Rxc5 {[%clk 0:11:18]} Qxc5
{[%clk 0:11:54]} 23. Nxe6 {[%clk 0:11:25]} fxe6 {[%clk 0:11:59]} 24. Qg6+
{[%clk 0:11:34]} Kh8 {[%clk 0:11:18]} 25. Qxh6+ {[%clk 0:10:55]} Rh7
{[%clk 0:11:26]} 26. Qxe6 {[%clk 0:10:48]} Qc2 {[%clk 0:09:25]} 27. Bg4
{[%clk 0:10:16]} Rf8 {[%clk 0:09:19]} 28. h3 {[%clk 0:09:56]} Qe4
{[%clk 0:08:14]} 29. Qd6 {[%clk 0:09:38]} Qe7 {[%clk 0:04:54]} 30. Qxd5
{[%clk 0:09:32]} Qf6 {[%clk 0:04:29]} 31. e4 Re7 {[%clk 0:04:29]} 32. Bd6
{[%clk 0:07:14]} Qxf2+ {[%clk 0:04:35]} 33. Kh1 {[%clk 0:07:17]} Rd8
{[%clk 0:04:23]} 34. Qxg5 {[%clk 0:07:08]} 1-0

[Event "Russian Rapid Championship (m)"]
[Site "Sochi"]
[Date "2022.10.16"]
[Round "8.20"]
[White "Uskov, Artem"]
[Black "Iljiushenok, Ilia"]
[Result "0-1"]
[BlackElo "2467"]
[WhiteElo "2276"]
[LiveChessVersion "1.4.8"]

1. e4 {[%clk 0:15:14]} c5 {[%clk 0:15:12]} 2. Nf3 {[%clk 0:15:07]} d6
{[%clk 0:15:22]} 3. c3 {[%clk 0:15:16]} Nf6 {[%clk 0:15:24]} 4. Bd3
{[%clk 0:15:23]} Nc6 {[%clk 0:15:24]} 5. O-O {[%clk 0:15:29]} Bg4
{[%clk 0:14:52]} 6. h3 {[%clk 0:15:06]} Bxf3 {[%clk 0:13:06]} 7. Qxf3
{[%clk 0:15:13]} g6 {[%clk 0:13:15]} 8. Qe2 {[%clk 0:15:07]} Bg7 {[%clk 0:13:19]}
9. Bc2 {[%clk 0:15:06]} O-O {[%clk 0:13:25]} 10. f4 {[%clk 0:15:09]} Nd7
{[%clk 0:13:26]} 11. d3 {[%clk 0:15:11]} b5 {[%clk 0:13:28]} 12. f5
{[%clk 0:14:07]} Rb8 {[%clk 0:11:40]} 13. a3 {[%clk 0:13:39]} a5 {[%clk 0:11:40]}
14. Be3 {[%clk 0:12:58]} b4 {[%clk 0:11:33]} 15. axb4 {[%clk 0:13:06]} axb4 16.
h4 {[%clk 0:13:04]} bxc3 {[%clk 0:09:55]} 17. bxc3 {[%clk 0:13:08]} Rb2
{[%clk 0:10:03]} 18. h5 {[%clk 0:12:56]} gxf5 {[%clk 0:06:16]} 19. exf5
{[%clk 0:12:38]} d5 {[%clk 0:06:17]} 20. Ra4 {[%clk 0:11:19]} d4 {[%clk 0:06:13]}
21. h6 {[%clk 0:10:54]} Bf6 {[%clk 0:05:54]} 22. Bc1 {[%clk 0:10:00]} dxc3
{[%clk 0:04:47]} 23. Bxb2 {[%clk 0:09:47]} cxb2 {[%clk 0:04:56]} 24. Rg4+
{[%clk 0:09:22]} Kh8 {[%clk 0:05:06]} 25. Qd1 {[%clk 0:08:51]} Nde5
{[%clk 0:04:57]} 26. Rg3 {[%clk 0:07:42]} Qd4+ {[%clk 0:03:28]} 27. Kh1
{[%clk 0:07:46]} Rg8 {[%clk 0:02:51]} 28. Rxg8+ {[%clk 0:06:34]} Kxg8
{[%clk 0:03:00]} 29. g3 {[%clk 0:06:24]} Qd5+ {[%clk 0:02:12]} 30. Kh2
{[%clk 0:06:24]} Nd4 {[%clk 0:02:21]} 31. Nc3 {[%clk 0:05:44]} Nef3+
{[%clk 0:02:18]} 32. Kh1 {[%clk 0:04:33]} Qxf5 {[%clk 0:02:27]} 33. Kg2
{[%clk 0:04:42]} Qg4 {[%clk 0:02:13]} 34. Ne4 {[%clk 0:04:09]} Nh4+
{[%clk 0:01:21]} 35. Kf2 {[%clk 0:04:04]} Qf5+ {[%clk 0:01:26]} 36. Ke3
{[%clk 0:03:40]} Bg5+ {[%clk 0:00:40]} 37. Nxg5 {[%clk 0:03:32]} Ng2+
{[%clk 0:00:48]} 38. Kd2 {[%clk 0:03:32]} Qxg5+ {[%clk 0:00:57]} 39. Kc3
{[%clk 0:03:38]} Ne3 {[%clk 0:01:06]} 40. Qb1 {[%clk 0:03:03]} Nxf1
{[%clk 0:01:12]} 41. Qxf1 {[%clk 0:03:04]} Qc1 {[%clk 0:01:21]} 42. Qg2
{[%clk 0:03:02]} b1=N+ {[%clk 0:01:18]} 43. Kc4 {[%clk 0:03:04]} Qxc2+
{[%clk 0:01:26]} 0-1

[Event "Russian Rapid Championship (m)"]
[Site "Sochi"]
[Date "2022.10.16"]
[Round "9.1"]
[White "Rozum, Ivan"]
[Black "Artemiev, Vladislav"]
[Result "0-1"]
[BlackElo "2710"]
[WhiteElo "2540"]
[LiveChessVersion "1.4.8"]

1. Nf3 {[%clk 0:15:17]} d5 {[%clk 0:14:50]} 2. g3 {[%clk 0:15:22]} g6
{[%clk 0:14:56]} 3. Bg2 {[%clk 0:15:28]} Bg7 {[%clk 0:15:03]} 4. d4
{[%clk 0:15:35]} Nf6 {[%clk 0:14:15]} 5. O-O {[%clk 0:15:38]} O-O
{[%clk 0:14:22]} 6. c4 {[%clk 0:15:45]} c6 {[%clk 0:14:30]} 7. b3
{[%clk 0:15:24]} Ne4 {[%clk 0:14:08]} 8. Bb2 {[%clk 0:15:28]} Nd7
{[%clk 0:14:16]} 9. e3 {[%clk 0:14:20]} a5 {[%clk 0:12:47]} 10. cxd5
{[%clk 0:12:24]} cxd5 {[%clk 0:12:54]} 11. Nc3 {[%clk 0:12:31]} Nxc3
{[%clk 0:12:27]} 12. Bxc3 {[%clk 0:12:38]} Nf6 {[%clk 0:12:21]} 13. Ne5
{[%clk 0:12:02]} Bf5 {[%clk 0:10:58]} 14. Qe2 {[%clk 0:11:39]} Ne4
{[%clk 0:09:46]} 15. Bb2 {[%clk 0:11:38]} a4 {[%clk 0:09:17]} 16. bxa4
{[%clk 0:11:05]} Rxa4 {[%clk 0:08:51]} 17. Rfc1 {[%clk 0:07:57]} h5
{[%clk 0:08:59]} 18. Qb5 {[%clk 0:07:10]} Ra6 {[%clk 0:08:18]} 19. Qe2
{[%clk 0:05:39]} Qb6 {[%clk 0:05:33]} 20. a3 {[%clk 0:04:34]} Qb3
{[%clk 0:04:26]} 21. f3 {[%clk 0:02:41]} Nd6 {[%clk 0:04:24]} 22. Rc3
{[%clk 0:02:37]} Qb6 {[%clk 0:03:49]} 23. Kh1 {[%clk 0:01:24]} Ra5
{[%clk 0:03:19]} 24. Rac1 {[%clk 0:00:59]} Rfa8 {[%clk 0:02:27]} 25. e4
{[%clk 0:00:51]} Be6 {[%clk 0:02:24]} 26. Rc5 {[%clk 0:00:33]} dxe4
{[%clk 0:01:59]} 27. fxe4 {[%clk 0:00:34]} Bxe5 {[%clk 0:02:07]} 28. Rxa5
{[%clk 0:00:28]} Rxa5 {[%clk 0:02:15]} 29. dxe5 {[%clk 0:00:36]} Nc4
{[%clk 0:02:24]} 30. Ba1 {[%clk 0:00:29]} Rxa3 {[%clk 0:02:28]} 31. Qe1
{[%clk 0:00:15]} Ra2 {[%clk 0:01:50]} 32. Rb1 {[%clk 0:00:13]} Qe3
{[%clk 0:01:32]} 33. Qxe3 {[%clk 0:00:16]} Nxe3 {[%clk 0:01:41]} 34. Bf3
{[%clk 0:00:24]} Rf2 {[%clk 0:01:49]} 0-1

[Event "Russian Rapid Championship (m)"]
[Site "Sochi"]
[Date "2022.10.16"]
[Round "9.2"]
[White "Sjugirov, Sanan"]
[Black "Kukhmazov, Arsen"]
[Result "1-0"]
[BlackElo "2459"]
[WhiteElo "2609"]
[LiveChessVersion "1.4.8"]

1. Nf3 {[%clk 0:15:14]} d5 {[%clk 0:15:18]} 2. g3 {[%clk 0:15:12]} g6
{[%clk 0:15:23]} 3. Bg2 {[%clk 0:15:01]} Bg7 {[%clk 0:15:31]} 4. d4
{[%clk 0:15:08]} Nf6 {[%clk 0:15:39]} 5. c4 {[%clk 0:14:38]} c6 {[%clk 0:15:47]}
6. Qb3 {[%clk 0:13:37]} O-O {[%clk 0:15:39]} 7. Nc3 {[%clk 0:13:37]} Qb6
{[%clk 0:13:51]} 8. O-O {[%clk 0:13:38]} Rd8 {[%clk 0:13:59]} 9. Na4
{[%clk 0:12:44]} Qxb3 {[%clk 0:14:03]} 10. axb3 {[%clk 0:12:53]} Na6
{[%clk 0:13:42]} 11. Bf4 {[%clk 0:11:39]} Be6 {[%clk 0:13:47]} 12. Rfc1
{[%clk 0:11:31]} h6 {[%clk 0:13:19]} 13. h3 {[%clk 0:09:51]} Nd7 {[%clk 0:08:11]}
14. g4 {[%clk 0:09:08]} Rdc8 {[%clk 0:07:15]} 15. e3 {[%clk 0:08:49]} Nb6
{[%clk 0:04:51]} 16. Be5 {[%clk 0:07:11]} dxc4 {[%clk 0:04:15]} 17. Bxg7
{[%clk 0:07:08]} Kxg7 {[%clk 0:04:24]} 18. Nxb6 {[%clk 0:07:04]} axb6
{[%clk 0:04:33]} 19. bxc4 {[%clk 0:07:12]} Nb4 {[%clk 0:04:43]} 20. b3
{[%clk 0:07:00]} Ra5 {[%clk 0:04:14]} 21. Rxa5 {[%clk 0:05:13]} bxa5
{[%clk 0:04:23]} 22. Nd2 {[%clk 0:05:20]} b5 {[%clk 0:02:53]} 23. Ra1
{[%clk 0:04:55]} a4 {[%clk 0:02:30]} 24. bxa4 {[%clk 0:04:49]} bxc4
{[%clk 0:02:28]} 25. Ne4 {[%clk 0:04:55]} f5 {[%clk 0:00:40]} 26. gxf5
{[%clk 0:04:48]} Bxf5 {[%clk 0:00:49]} 27. Nc3 {[%clk 0:04:53]} c5
{[%clk 0:00:19]} 28. a5 {[%clk 0:04:07]} cxd4 {[%clk 0:00:23]} 29. exd4
{[%clk 0:04:16]} Nc2 {[%clk 0:00:13]} 30. Ra2 {[%clk 0:04:23]} Rc7
{[%clk 0:00:12]} 31. Nb5 {[%clk 0:04:06]} Rc8 {[%clk 0:00:14]} 32. Nc3
{[%clk 0:03:53]} Rc7 {[%clk 0:00:13]} 33. a6 {[%clk 0:03:53]} Nb4
{[%clk 0:00:14]} 34. Ra4 {[%clk 0:03:49]} Nxa6 {[%clk 0:00:16]} 35. Rxa6
{[%clk 0:03:58]} Rd7 {[%clk 0:00:26]} 36. d5 {[%clk 0:03:58]} Rb7
{[%clk 0:00:35]} 37. Rc6 {[%clk 0:02:41]} Bd3 {[%clk 0:00:44]} 38. Ne4
{[%clk 0:02:39]} Rb1+ {[%clk 0:00:31]} 39. Kh2 {[%clk 0:02:47]} Re1
{[%clk 0:00:39]} 40. Nc5 {[%clk 0:02:42]} Bf5 {[%clk 0:00:13]} 41. Na4
{[%clk 0:01:19]} Rc1 {[%clk 0:00:20]} 42. Rc7 {[%clk 0:01:01]} Kf6
{[%clk 0:00:27]} 43. Kg3 {[%clk 0:00:58]} g5 {[%clk 0:00:27]} 44. Nb6
{[%clk 0:00:40]} c3 {[%clk 0:00:15]} 45. d6 {[%clk 0:00:49]} exd6
{[%clk 0:00:11]} 46. Nd5+ {[%clk 0:00:56]} Ke5 {[%clk 0:00:19]} 47. Nxc3
{[%clk 0:00:49]} Be6 {[%clk 0:00:21]} 48. Nd5 {[%clk 0:00:24]} Rxc7
{[%clk 0:00:25]} 49. Nxc7 {[%clk 0:00:33]} Bf5 {[%clk 0:00:18]} 50. Bf3
{[%clk 0:00:34]} Kf6 {[%clk 0:00:11]} 51. Nd5+ {[%clk 0:00:41]} Ke5
{[%clk 0:00:20]} 52. Ne3 {[%clk 0:00:49]} Kf6 {[%clk 0:00:12]} 53. Nxf5
{[%clk 0:00:18]} Kxf5 {[%clk 0:00:21]} 54. Bc6 {[%clk 0:00:24]} h5
{[%clk 0:00:11]} 55. Bd7+ {[%clk 0:00:25]} Kf6 {[%clk 0:00:13]} 56. Be8
{[%clk 0:00:31]} h4+ {[%clk 0:00:21]} 57. Kg4 {[%clk 0:00:39]} d5
{[%clk 0:00:30]} 58. Bb5 {[%clk 0:00:46]} d4 {[%clk 0:00:39]} 59. Bd3
{[%clk 0:00:55]} 1-0

[Event "Russian Rapid Championship (m)"]
[Site "Sochi"]
[Date "2022.10.16"]
[Round "9.3"]
[White "Zvjaginsev, Vadim"]
[Black "Tsydypov, Zhamsaran"]
[Result "1/2-1/2"]
[BlackElo "2554"]
[WhiteElo "2498"]
[LiveChessVersion "1.4.8"]

1. e4 {[%clk 0:15:14]} c5 {[%clk 0:11:05]} 2. Nf3 {[%clk 0:15:12]} d6
{[%clk 0:11:12]} 3. Bb5+ {[%clk 0:15:15]} Nd7 {[%clk 0:11:19]} 4. O-O
{[%clk 0:15:16]} Ngf6 {[%clk 0:11:24]} 5. Re1 {[%clk 0:15:20]} a6
{[%clk 0:11:27]} 6. Bxd7+ {[%clk 0:15:18]} Bxd7 {[%clk 0:10:57]} 7. e5
{[%clk 0:15:23]} dxe5 {[%clk 0:11:00]} 8. Nxe5 {[%clk 0:15:31]} e6
{[%clk 0:11:04]} 9. d3 {[%clk 0:15:20]} Bd6 {[%clk 0:10:41]} 10. Bf4
{[%clk 0:15:17]} Bxe5 {[%clk 0:10:22]} 11. Bxe5 {[%clk 0:15:13]} Bc6
{[%clk 0:10:30]} 12. Nc3 {[%clk 0:14:39]} O-O {[%clk 0:10:32]} 13. Ne4
{[%clk 0:12:49]} Nd7 {[%clk 0:09:24]} 14. Qh5 {[%clk 0:09:46]} Nxe5
{[%clk 0:09:03]} 15. Qxe5 {[%clk 0:09:52]} b6 {[%clk 0:08:46]} 16. a4
{[%clk 0:09:10]} a5 {[%clk 0:08:03]} 17. Nd6 {[%clk 0:08:25]} Qd7
{[%clk 0:07:56]} 18. b3 {[%clk 0:08:26]} Rfd8 {[%clk 0:07:51]} 19. Nc4
{[%clk 0:08:24]} Qb7 {[%clk 0:07:28]} 20. Qg3 {[%clk 0:08:07]} Rd5
{[%clk 0:07:13]} 21. h4 {[%clk 0:05:38]} Rad8 {[%clk 0:07:06]} 22. Re5
{[%clk 0:05:36]} Rxe5 {[%clk 0:06:37]} 23. Nxe5 {[%clk 0:05:36]} 1/2-1/2